Statistics for Capitals Of Mexican States

Click here to take the quiz!

General Stats

  • This quiz has been taken 20 times
  • The average score is 15 of 32

Answer Stats

CapitalState% Correct
AguascalientesAguascalientes
93%
Ciudad de MéxicoCiudad de México
93%
ColimaColima
86%
PueblaPuebla
86%
OaxacaOaxaca
86%
Victoria de DurangoDurango
86%
ZacatecasZacatecas
86%
ChihuahuaChihuahua
86%
GuanajuatoGuanajuato
79%
San Luis PotosíSan Luis Potosí
71%
MonterreyNuevo León
64%
QuerétaroQuerétaro de Arteaga
64%
MéridaYucatán
64%
La PazBaja California Sur
64%
GuadalajaraJalisco
57%
MexicaliBaja California
50%
Toluca de LerdoMéxico
43%
SaltilloCoahuila de Zaragoza
36%
Ciudad VictoriaTamaulipas
29%
HermosilloSonora
29%
VillahermosaTabasco
29%
MoreliaMichoacán de Ocampo
29%
XalapaVeracruz de Ignacio de la Llava
21%
Tuxtla GutiérrezChiapas
21%
San Francisco de CampecheCampeche
14%
CuliacánSinaloa
14%
TepicNayarit
14%
ChetumalQuintana Roo
7%
PachucaHidalgo
7%
ChilpancingoGuerrero
7%
CuernavacaMorelos
7%
TlaxacalaTlaxcala
0%

Score Distribution

Percentile by Number Answered

Percent of People with Each Score

Your Score History

You have not taken this quiz